000 00704nam a22002177a 4500
003 UA-OsUOA
001 78228
007 ta
008 20111004b un ||||| |||| 00| 0 ukr d
100 _aБезверхий К.
090 _a657
_bБ39
942 _cSA
040 _aUA-OsUOA
_bukr
_cUA-OsUOA
_dUA-OsUOA
245 _aБухгалтерський облік придбання та використання ліцензій
300 _aС.37-45
955 _a0
041 _aukr
080 _a657
773 0 _w78223
_tБухгалтерський облік і аудит
_dК.
_d2011
_g8
650 7 _a657 Бухгалтерія. Бухгалтерський облік. Рахівництво
_2UDC
999 _c364536
_d364536